000 00535nam a2200193Ia 4500
005 20250326142521.0
008 250326s9999 xx 000 0 und d
020 _a0-205-11575-6
037 _aTextbook
040 _aFMSL
_beng
_cFMSL
041 _aeng
_2eng
084 _aX:51 M9
_qFMSL
100 _aHusted S W
_9746186
245 0 _aPrinciples of modern marketing
_cHusted S W And Others
260 _aBoston
_bBoston, Allyn and Bacon
_c1989
300 _a749p
942 _cTB
_hX:51 M9
999 _c1295402
_d1295402